True or False - Iran - Statistics

General Stats
  • This quiz has been taken 43 times
  • The average score is 11 of 16
Answer Stats
Question Answer % Correct
The major ethnicity is Arab False
100%
Iran’s currency is the Rial True
100%
Tehran, Iran’s capital, is a megacity True
100%
Iran has a greater land area than France and Germany combined True
100%
Zoroastrianism, the first believed monotheistic religion originates in Iran True
100%
Iran has never had diplomatic relations with Israel False
75%
Khomeini is the ruler of Iran False
75%
Iran is majorly Sunni muslim False
75%
Iran has a population over 100 million False
75%
Iran was never colonized by western powers True
75%
Iran is the only non-African country with a native population of Cheetahs True
75%
More than 90% of Iran is ethnically Persian False
50%
Iran has a 4-season climate True
25%
The majority of university students are women True
25%
Iran follows the Islamic calendar False
0%
Jews are a protected minority in Iran True
0%
No matching quizzes found
Score Distribution
Percent of People with Each Score
Percentile by Number Answered
Your Score History
You have not taken this quiz